Tribhuvan University Central Library
Normal view MARC view
  • नेपाली साहित्य

Entry Topical Term

Number of records used in: 1

001 - CONTROL NUMBER

  • control field: 37357

003 - CONTROL NUMBER IDENTIFIER

  • control field: OSt

005 - DATE AND TIME OF LATEST TRANSACTION

  • control field: 20250209123044.0

008 - FIXED-LENGTH DATA ELEMENTS

  • fixed length control field: 250209|| aca||aabn | a|a d

040 ## - CATALOGING SOURCE

  • Original cataloging agency: OSt
  • Transcribing agency: OSt

150 ## - HEADING--TOPICAL TERM

  • Topical term or geographic name as entry element: नेपाली साहित्य
  • Form subdivision: इतिहार र आलोचना

670 ## - SOURCE DATA FOUND

  • Source citation: Work cat.: (OSt)120122: केरी (झा), इन्दुल 37356, व्यक्तित्व र कृतित्वको तेस्रो आयाम /, २०७५वि.